Magma to microbe : (Record no. 355582)

000 -LEADER
fixed length control field 01412cam a2200349 a 4500
001 - CONTROL NUMBER
control field 15410431
003 - CONTROL NUMBER IDENTIFIER
control field Nust- CAS-E
005 - DATE AND TIME OF LATEST TRANSACTION
control field 20180118181406.0
008 - FIXED-LENGTH DATA ELEMENTS--GENERAL INFORMATION
fixed length control field 080813s2008 dcua b 001 0 eng
010 ## - LIBRARY OF CONGRESS CONTROL NUMBER
LC control number 2008035797
020 ## - INTERNATIONAL STANDARD BOOK NUMBER
International Standard Book Number 9780875904436
040 ## - CATALOGING SOURCE
Original cataloging agency DLC
Transcribing agency DLC
Modifying agency DLC
050 00 - LIBRARY OF CONGRESS CALL NUMBER
Classification number GC228.5
Item number .M34 2008
082 00 - DEWEY DECIMAL CLASSIFICATION NUMBER
Classification number 551.1
Edition number 22
Author Mark MAG 2008
245 00 - TITLE STATEMENT
Title Magma to microbe :
Remainder of title modeling hydrothermal processes at ocean spreading centers /
Statement of responsibility, etc. Robert P. Lowell ... [et al.], editors.
260 ## - PUBLICATION, DISTRIBUTION, ETC.
Place of publication, distribution, etc. Washington, DC :
Name of publisher, distributor, etc. American Geophysical Union,
Date of publication, distribution, etc. c2008.
300 ## - PHYSICAL DESCRIPTION
Extent viii, 285 p. :
Other physical details ill. ;
Dimensions 28 cm.
490 0# - SERIES STATEMENT
Series statement Geophysical monograph ;
Volume/sequential designation 178
502 ## - DISSERTATION NOTE
Dissertation note 0
504 ## - BIBLIOGRAPHY, ETC. NOTE
Bibliography, etc. note Includes bibliographical references and index.
650 #0 - SUBJECT ADDED ENTRY--TOPICAL TERM
Topical term or geographic name entry element Hydrothermal circulation (Oceanography)
General subdivision Mathematical models.
650 #0 - SUBJECT ADDED ENTRY--TOPICAL TERM
Topical term or geographic name entry element Seawater
General subdivision Thermodynamics
-- Mathematical models.
650 #0 - SUBJECT ADDED ENTRY--TOPICAL TERM
Topical term or geographic name entry element Hydrothermal vents
General subdivision Microbiology.
650 #0 - SUBJECT ADDED ENTRY--TOPICAL TERM
Topical term or geographic name entry element Mid-ocean ridges.
650 #0 - SUBJECT ADDED ENTRY--TOPICAL TERM
Topical term or geographic name entry element Sea-floor spreading.
700 1# - ADDED ENTRY--PERSONAL NAME
Personal name Lowell, Robert P.
856 41 - ELECTRONIC LOCATION AND ACCESS
Materials specified Table of contents only
Uniform Resource Identifier <a href="http://www.loc.gov/catdir/toc/ecip0825/2008035797.html">http://www.loc.gov/catdir/toc/ecip0825/2008035797.html</a>
856 42 - ELECTRONIC LOCATION AND ACCESS
Materials specified Publisher description
Uniform Resource Identifier <a href="http://www.loc.gov/catdir/enhancements/fy1307/2008035797-d.html">http://www.loc.gov/catdir/enhancements/fy1307/2008035797-d.html</a>
906 ## - LOCAL DATA ELEMENT F, LDF (RLIN)
a 7
b cbc
c orignew
d 1
e ecip
f 20
g y-gencatlg
942 ## - ADDED ENTRY ELEMENTS (KOHA)
Source of classification or shelving scheme
Koha item type Book
Holdings
Withdrawn status Lost status Source of classification or shelving scheme Damaged status Not for loan Collection code Permanent Location Current Location Shelving location Date acquired Source of acquisition Cost, normal purchase price Total Checkouts Full call number Barcode Date last seen Price effective from Koha item type
            US-Pakistan Center for Advanced Studies in Energy (USPCAS-E) US-Pakistan Center for Advanced Studies in Energy (USPCAS-E)   10/28/2015 Multiline Books 10206.00   551.1 MAG 2008 CAS-E0000511 10/28/2015 10/28/2015 Book
© 2023 Central Library, National University of Sciences and Technology. All Rights Reserved.